Central Library OPAC University of Rajshahi
Normal view MARC view

Entry Topical Term

Number of records used in: 4

001 - CONTROL NUMBER

  • control field: 9393

003 - CONTROL NUMBER IDENTIFIER

  • control field: BD-RjUL

005 - DATE AND TIME OF LATEST TRANSACTION

  • control field: 20231008111001.0

008 - FIXED-LENGTH DATA ELEMENTS

  • fixed length control field: 231008|| aca||aabn | a|a d

040 ## - CATALOGING SOURCE

  • Original cataloging agency: BD-RjUL
  • Transcribing agency: BD-RjUL

150 ## - HEADING--TOPICAL TERM

  • Topical term or geographic name entry element: Physical education for people with disabilities

670 ## - SOURCE DATA FOUND

  • Source citation: Work cat.: (BD-RjUL)82058: Block, Martin E., 1958- 9392, A teacher's guide to adapted physical education :